000 01206nam a2200361 i 4500
001 25487
003 KOSZ 005
005 20191002141449.0
008 070923s1968 pl a f 000 0 pol
015 _aPB 1968/5570
040 _aWA N
_cWA N
_dKOSZ 005/KK
_dKOSZ 005/RW
046 _k1968
080 _a546.3
080 _a539.3/.6
100 1 _aBuch, Alfred.
_eAutor
245 1 0 _aWłasności mechaniczne czystych metali /
_cAlfred Buch.
260 _aWarszawa :
_bWydawnictwa Naukowo-Techniczne,
_c1968.
300 _a202, [2] strony, [2] karty, tablice :
_bilustracje ;
_c25 cm.
336 _aTekst
_btxt
_2rdacontent
337 _aBez urządzenia pośredniczącego
_bn
_2rdamedia
338 _aWolumin
_bnc
_2rdacarrier
380 _aKsiążki
380 _aPublikacje fachowe
388 _a1901-2000
504 _aBibliografia na stronach 201-[203].
658 _aInżynieria i technika
658 _aChemia
650 4 _aWytrzymałość materiałów
650 4 _aMetale
710 2 _aWydawnictwa Naukowo-Techniczne
_4pbl.
856 _uhttp://koha.tu.koszalin.pl/cgi-bin/koha/opac-detail.pl?biblionumber=25487
_yKatalog online BPK
942 _2UKD
_cKS
999 _c25487
_d25487